[Event "Marseille op"]
[Site "Marseille"]
[Date "2007.12.31"]
[Round "9"]
[White "Hileyan, Michel"]
[Black "Sonko, Babacar"]
[Result "0-1"]
[WhiteElo "1999"]
[BlackElo "1810"]
[PlyCount "68"]
[EventDate "2007.12.27"]
[EventType "swiss"]
[EventRounds "9"]
[EventCountry "FRA"]
[SourceTitle "CBM 122 Extra"]
[Source "ChessBase"]
[SourceDate "2008.03.04"]
[SourceVersion "1"]
[SourceVersionDate "2008.03.04"]
[SourceQuality "1"]

1. Nf3 Nf6 2. g3 e6 3. Bg2 d5 4. d3 c6 5. Nbd2 Bd6 6. e4 Qc7 7. 0-0 0-0 8. b3 e5 9. Bb2 Bg4 10. Qe2 Re8 11. h3 Bh5 12. Rfe1 Nbd7 13. Nf1 d4 14. g4 Bg6 15. Ng3 Nf8 16. Nf5 Ne6 17. Bc1 Bb4 18. Rf1 Bxf5 19. gxf5 Nf4 20. Bxf4 exf4 21. Rad1 Nd5 22. Nxd4 Nc3 23. Qg4 Nxd1 24. Rxd1 Rad8 25. f6 g6 26. Nf3 h5 27. Qh4 Rxe4 28. Ng5 Re5 29. Bf3 Rde8 30. Bxh5 Rxg5+ 31. Qxg5 Re5 32. Qg4 Rxh5 33. Kh1 Qe5 34. f3 Bf8 0-1

[Event "Marseille op"]
[Site "Marseille"]
[Date "2007.12.29"]
[Round "6"]
[White "Gomez, Jose4444"]
[Black "Sonko, Babacar"]
[Result "1-0"]
[WhiteElo "1877"]
[BlackElo "1810"]
[PlyCount "139"]
[EventDate "2007.12.27"]
[EventType "swiss"]
[EventRounds "9"]
[EventCountry "FRA"]
[SourceTitle "CBM 122 Extra"]
[Source "ChessBase"]
[SourceDate "2008.03.04"]
[SourceVersion "1"]
[SourceVersionDate "2008.03.04"]
[SourceQuality "1"]

1. e4 e5 2. Nc3 Nc6 3. Nf3 Nf6 4. Bb5 a6 5. Bxc6 dxc6 6. Nxe5 Qe7 7. d4 Nd7 8. Nf3 g6 9. Bf4 Nb6 10. 0-0 Bg7 11. Qd3 Be6 12. b3 0-0-0 13. Rad1 Bg4 14. Ne2 Rhe8 15. h3 Bxf3 16. gxf3 Qh4 17. Kg2 Bxd4 18. Bg3 Qf6 19. Nxd4 c5 20. e5 Qh8 21. c3 cxd4 22. cxd4 Nd5 23. Qc4 Re6 24. Qc5 g5 25. Qa7 c6 26. Rc1 Kc7 27. a4 Qf8 28. Rfd1 Qb4 29. Rd3 Nb6 30. d5 Nxd5 31. Rc4 Qe7 32. Rcd4 Nf4+ 33. Bxf4 Rxd4 34. Qxd4 gxf4 35. Qxf4 Rxe5 36. Re3 Qg5+ 37. Qg3 Qxg3+ 38. Kxg3 Rxe3 39. fxe3 b5 40. axb5 axb5 41. Kf4 Kd6 42. Ke4 c5 43. Kd3 Kd5 44. h4 h5 45. Kc3 Kc6 46. e4 Kb6 47. f4 Ka5 48. Kb2 c4 49. bxc4 bxc4 50. e5 Kb5 51. f5 Kc5 52. Kc3 Kd5 53. e6 Kd6 54. exf7 Ke7 55. Kxc4 Kxf7 56. Kd4 Kf6 57. Ke4 Kf7 58. Kf4 Kg7 59. Kg5 Kf7 60. Kxh5 Kf6 61. Kg4 Kg7 62. Kg5 Kf7 63. h5 Kg7 64. h6+ Kf7 65. f6 Kg8 66. Kg6 Kh8 67. Kf7 Kh7 68. Ke7 Kxh6 69. f7 Kh7 70. Kf6 1-0